| 000 | 00000nam##2200000za#4500 |
| 001 | 9.637963 |
| 003 | CaOODSP |
| 005 | 20210624221445 |
| 007 | cr ||||||||||| |
| 008 | 150407|2008||||xxc|||||o f|0| 0 fre|d |
| 040 | |aCaOODSP|bfre |
| 043 | |an-cn--- |
| 086 | 1 |aF2-194/2008F-PDF |
| 110 | 1 |aCanada. |bMinistère des finances. |
| 245 | 10|aVérification des congés et des heures supplémentaires, ministère des Finances Canada, rapport final de vérification |h[ressource électronique] |
| 260 | |aOttawa - Ontario : |bFinances Canada |c[2008]. |
| 300 | |a30p. |
| 500 | |a«Final – Approuvé le 1er décembre 2008». |
| 590 | |a10-16-Supp|b2010-12-30 |
| 775 | 08|tAudit of leave and overtime, Department of Finance Canada, final audit report |w(CaOODSP)9.693773 |
| 856 | 40|ahttp://publications.gc.ca|qPDF|s415 Ko|uhttps://publications.gc.ca/collections/collection_2010/fin/F2-194-2008-fra.pdf |